logo

Bir Sreshtho Munshi Abdur Rouf Library
Jhenaidah Cadet College

Inquiry & expression; (Record no. 7123)

MARC details
000 -LEADER
fixed length control field 00693cam a22002531 4500
001 - CONTROL NUMBER
JCCL Control Number 7123
003 - CONTROL NUMBER IDENTIFIER
JCCL marc code BD-JhCC
005 - DATE AND TIME OF LATEST TRANSACTION
control field 20180205122557.0
008 - FIXED-LENGTH DATA ELEMENTS--GENERAL INFORMATION
fixed length control field 760422s1958 nyu 001 0 eng
035 ## - SYSTEM CONTROL NUMBER
system control number (BD-JhCC)
035 ## - SYSTEM CONTROL NUMBER
system control number (OCoLC)2132968
040 ## - CATALOGING SOURCE
Original cataloging agency DLC
Transcribing agency AzU
Modifying agency DLC
041 ## - LANGUAGE CODE
Language code of Book eng
050 00 - LIBRARY OF CONGRESS CALL NUMBER
Classification number PN6014
Item number .M23
082 ## - DEWEY DECIMAL CLASSIFICATION NUMBER
Classification number 808
Author mark and Year MAR 1958
100 1# - MAIN ENTRY--PERSONAL NAME
Personal name Martin, Harold Clark,
245 10 - TITLE STATEMENT
Title Inquiry & expression;
Remainder of title a college reader
Statement of responsibility, etc [by] Harold C. Martin & Richard M. Ohmann.
260 ## - PUBLICATION, DISTRIBUTION, ETC. (IMPRINT)
Place of publication, distribution, etc New York,
Name of publisher, distributor, etc Rinehart
Date of publication, distribution, etc [1958]
300 ## - PHYSICAL DESCRIPTION
Pagination 751 p.
Dimensions 24 cm.
650 #0 - SUBJECT ADDED ENTRY--TOPICAL TERM
Topical term or geographic name as entry element Literature.
700 1# - ADDED ENTRY--PERSONAL NAME
Personal name Ohmann, Richard M.
Fuller form of name (Richard Malin),
Dates associated with a name 1931-
942 ## - ADDED ENTRY ELEMENTS (KOHA)
Source of classification or shelving scheme Dewey Decimal Classification
Koha item type Books
Holdings
Source of classification or shelving scheme Damaged status Not for loan Home library Current library Shelving location Date of accession Total Checkouts Full call number Barcode Date last seen Copy number Koha item type
Dewey Decimal Classification     JCC Rouf Library JCC Rouf Library General Stacks 02/05/2018   808 MAR 1958 1005 02/05/2018 C - 1 Books

JCC Library | Contacts | JCC Home

Last Update on 23 September 2017
Copyright @ 2017-2020 JCC Rouf Library
Rouf Library, Jhenidah Cadet College (JCC), Bangladesh